| 000 | 00797nam a2200205 a 4500 | ||
|---|---|---|---|
| 008 | 120416s1978 ||||||||||||||||| || u | ||
| 020 | _a9221018121 | ||
| 050 | _aHD 6223 Lab | ||
| 100 | _aStanding, Guy | ||
| 245 | 1 | 0 |
_aLabour force participation in low income countries _cedited by Guy Standing |
| 260 |
_aGeneva _bInternational Labour Office _c1978 |
||
| 300 | _avi, 338p : ill | ||
| 350 | _a0.00 | ||
| 500 | _aIncludes bibliographical references. | ||
| 650 | _aLabor supply--Developing countries--Case studies | ||
| 650 | _aWOMEN | ||
| 650 | _aWOMEN--EMPLOYMENT--DEVELOPING COUNTRIES--CASE STUDIES | ||
| 700 | _aSheehan, Glen | ||
| 995 |
_D0.00 _FCBU-MAIN LIBRARY (Kitwe) _H1 _I47.25 _M1 _UAVAILABLE _ZMain Library Open Access Collection |
||
| 999 |
_c48742 _d48742 |
||